[Event "26th Bosnjaci Open 2022"]
[Site "Bosnjaci"]
[Date "2022.01.05"]
[Round "4.7"]
[White "Abdil, Halil"]
[Black "Dutina, Dario"]
[Result "1/2-1/2"]
[WhiteElo "2117"]
[BlackElo "2197"]
[Annotator "NA"]
[PlyCount "82"]
[EventDate "2022.01.03"]
[EventType "swiss"]
[EventCountry "CRO"]
[SourceTitle "playchess.com"]
[Source "ChessBase"]
[SourceQuality "1"]
[TimeControl "5400+30"]

1. e4 e5 2. Nf3 Nc6 3. d4 exd4 4. Nxd4 Bb4+ 5. c3 Be7 6. Nxc6 bxc6 7. Bc4 Nf6 8. e5 Nd5 9. Bxd5 cxd5 10. O-O c6 11. Qg4 g6 12. Re1 O-O 13. Qg3 d6 14. Bf4 dxe5 15. Bxe5 Be6 16. Nd2 Qd7 17. b4 a5 18. a3 c5 19. bxc5 Bxc5 20. Nb3 Be7 21. Bd4 Qd6 22. Be5 Qd8 23. Bc7 Qd7 24. Be5 a4 25. Nd4 Ra6 26. Nc2 Bd6 27. Nb4 Bxe5 28. Qxe5 Rd6 29. h4 d4 30. cxd4 Rxd4 31. h5 Rh4 32. hxg6 hxg6 33. Rad1 Qb7 34. Rd4 Rh5 35. Qg3 Qb8 36. Rd6 Kh7 37. Re5 Rxe5 38. Qxe5 Rd8 39. Qh2+ Kg8 40. Rxd8+ Qxd8 41. Qg3 Qd1+ 1/2-1/2

[Event "26th Bosnjaci Open 2022"]
[Site "Bosnjaci"]
[Date "2022.01.05"]
[Round "4.8"]
[White "Ljubicic, Mario"]
[Black "Saric, Luka"]
[Result "1/2-1/2"]
[WhiteElo "2001"]
[BlackElo "2176"]
[Annotator "TA"]
[PlyCount "145"]
[EventDate "2022.01.03"]
[EventType "swiss"]
[EventCountry "CRO"]
[SourceTitle "playchess.com"]
[Source "ChessBase"]
[SourceQuality "1"]

{[%evp 13,145,-1,0,0,0,-9,0,0,0,-16,-17,-20,-10,-44,-8,-58,-56,-142,-159,-130,-129,-196,-202,-224,-214,-261,-239,-242,-162,-136,-139,-172,-149,-188,-147,-285,-278,-297,-132,-133,-133,-127,-97,-127,-27,-27,-27,-27,-27,-27,-27,-166,-166,-166,-166,-166,-166,-166,-160,-180,-180,-180,-179,-180,-180,-180,-180,-180,-180,-180,-180,-194,-194,-221,-221,-221,-221,-221,-221,-221,-221,-221,-221,-221,-221,-221,-209,-209,-209,-209,-209,-209,-209,-209,-209,-209,-209,-209,0,0,0,-209,-209,-209,-209,-209,-209,-209,-19,-27,-27,-34,-34,-41,0,0,0,0,0,0,0,0,0,0,0,0,0,0,0,0,0,0,8,8]} 1. e4 c5 2. Nf3 Nc6 3. d3 g6 4. g3 Bg7 5. Bg2 d6 6. O-O e5 7. c3 Nge7 8. Re1 {A04: Unusual lines after 1 Nf3 and King's Indian Attack.} O-O 9. a3 h6 10. b4 a6 11. Nbd2 Be6 12. Bb2 b5 13. Qe2 {[#]} a5 $146 {[%cal Rc5b4]} ({Predecessor:} 13... Qd7 14. Red1 Rfd8 15. Nf1 Qa7 16. Ne3 Rac8 17. Rd2 a5 18. Nc2 Bb3 19. Nfe1 h5 {½-½ (38) Kovaleva,M-Chulivska,V (2210) Alushta 2004}) 14. bxa5 (14. a4 $11 axb4 15. axb5 Rxa1 16. Bxa1 (16. Rxa1 bxc3 17. Bxc3 Nd4 $11) 16... bxc3 17. Bxc3) 14... Qxa5 15. d4 (15. Rab1 $15) 15... exd4 $17 16. cxd4 cxd4 {[%cal Od4d3]} 17. Qd3 (17. Qd1 $17 {keeps fighting.}) 17... Ne5 $19 18. Qb1 N7c6 19. Qd1 Nd3 20. Nb3 Bxb3 ({Not} 20... Nxb2 21. Nxa5 Nxd1 22. Nxc6 $17) 21. Qxd3 Bc4 22. Qd1 Qb6 23. Qd2 Ne5 (23... Ra4 $19 24. Red1 Bb3) 24. Nxd4 (24. Red1 $17) 24... Nd3 25. Red1 Bxd4 (25... Rfc8 $19 {aiming for ...Ra4.} 26. Qc3 b4 27. axb4 Rxa1 28. Bxa1 Ba6) 26. Bxd4 $17 Qxd4 27. Bf1 {[%cal Rf1d3] [#]} b4 $1 {[%cal Bb5b4,Bb4a3,Ba3a2][%mdl 32]} 28. Bxd3 Bxd3 (28... Bb3 $17 29. Qxb4 Qxb4 30. axb4 Bxd1 31. Rxd1 Ra3) 29. Qxd3 $11 Qxd3 30. Rxd3 $17 {[%mdl 4096] Endgame KRR-KRR} Ra4 31. Rxd6 bxa3 {Hoping for ...Rb8.} 32. Rd3 (32. Ra2 $11 {and White has nothing to worry.}) 32... a2 $19 33. Rd2 Rfa8 34. f3 g5 35. Kf2 Kg7 36. Ke3 Ra3+ 37. Ke2 Kf6 38. Rd6+ Ke5 39. Rd5+ Ke6 40. Rd2 R8a5 41. Kf2 Ke5 42. Kg2 h5 43. Kf2 g4 44. fxg4 hxg4 45. Kg2 Kxe4 46. Re1+ {[#]} Kf5 $1 47. Rf1+ Kg5 48. Ra1 R5a4 49. Kf2 f5 50. Kg2 Ra5 51. Re2 R3a4 52. Rd2 f4 53. gxf4+ Kxf4 {White must now prevent ...Ke3.} 54. Re2 Ra3 55. Rf1+ Rf3 $2 (55... Kg5 $19 56. Ra1 Kg6) 56. Ra1 $11 Rfa3 $2 (56... Kg5 $11 57. Raxa2 Raf5) 57. Rf1+ $1 $19 Kg5 58. Ra1 Kh4 59. Rd2 R5a4 60. Re2 g3 $2 (60... Ra7 $19 {Strongly threatening ...Ra8.} 61. Kf2 Kh5) 61. h3 $11 Kg5 62. Rd2 Kf4 {And now ...Ke3 would win.} 63. Re2 Kf5 (63... Ra7 $15 64. Re8 Kf5 65. Rf1+ Kg6 66. Re6+ Kh7) 64. Rf1+ $1 {The position is equal.} Rf4 (64... Kg5 $5 65. Re5+ Kg6 66. Re6+ Kh7 67. Re7+ Kh6 68. Re6+ Kg5 69. Re5+ Kh6 70. Re6+ Kg7 71. Re7+ Kg8 72. Re8+ Kh7 73. Re7+ Kg6 74. Re6+ Kh7 75. Re7+ $11) 65. Ra1 Rf2+ 66. Rxf2+ gxf2 67. Kxf2 Rxh3 {KR-KR} 68. Ke2 Ke4 69. Kd2 Kd4 70. Kc2 Kc4 {( -> ...Rh2+)} 71. Rxa2 Rh2+ 72. Kb1 Rxa2 73. Kxa2 {Weighted Error Value: White=0.18 (very precise) /Black=0.22 (precise)} 1/2-1/2

[Event "26th Bosnjaci Open 2022"]
[Site "Bosnjaci"]
[Date "2022.01.05"]
[Round "4.9"]
[White "Saric, Kristina"]
[Black "Caric, Mato"]
[Result "1-0"]
[WhiteElo "2148"]
[BlackElo "2029"]
[Annotator "ChessBase"]
[PlyCount "87"]
[EventDate "2022.01.03"]
[EventType "swiss"]
[EventCountry "CRO"]
[SourceTitle "playchess.com"]
[Source "ChessBase"]
[SourceQuality "1"]
[TimeControl "5400+30"]

1. e4 c5 2. Nf3 d6 3. d4 cxd4 4. Nxd4 Nf6 5. f3 a6 6. c4 g6 7. Nc3 Bg7 8. Be3 Nc6 9. Qd2 O-O 10. Be2 Nxd4 11. Bxd4 Bd7 12. O-O Bc6 13. Rac1 Nd7 14. Be3 Rb8 15. b4 b5 16. cxb5 axb5 17. Nd5 Ne5 18. Bd4 Bxd5 19. exd5 Qd7 20. Qb2 e6 21. f4 Nc4 22. Bxc4 Bxd4+ 23. Qxd4 bxc4 24. dxe6 fxe6 25. Rxc4 Rb7 26. Rfc1 d5 27. Rc6 Qg7 28. Qxg7+ Kxg7 29. Rc7+ Rf7 30. Rxb7 Rxb7 31. a3 Kf6 32. Kf2 Ra7 33. Rc3 e5 34. fxe5+ Kxe5 35. b5 Kd4 36. Rb3 Kc4 37. Rb4+ Kc5 38. b6 Rxa3 39. b7 Kxb4 40. b8=Q+ Kc4 41. Qc7+ Kd4 42. Qb6+ Kc4 43. Qc7+ Kb5 44. Qxh7 1-0

[Event "26th Bosnjaci Open 2022"]
[Site "Bosnjaci"]
[Date "2022.01.05"]
[Round "4.10"]
[White "Nemec, Vjekoslav"]
[Black "Damjanovic, Stjepan"]
[Result "1-0"]
[WhiteElo "2194"]
[BlackElo "2002"]
[Annotator "ChessBase"]
[PlyCount "65"]
[EventDate "2022.01.03"]
[EventType "swiss"]
[EventCountry "CRO"]
[SourceTitle "playchess.com"]
[Source "ChessBase"]
[SourceQuality "1"]
[TimeControl "5400+30"]

1. e4 c5 2. Nf3 Nc6 3. d4 cxd4 4. Nxd4 g6 5. c4 Nf6 6. Nc3 Bg7 7. Be3 O-O 8. Be2 Nxd4 9. Bxd4 d6 10. O-O Bd7 11. h3 a6 12. a4 Bc6 13. a5 Re8 14. Qd3 Nd7 15. b4 b6 16. Nd5 b5 17. Bxg7 Kxg7 18. Qc3+ Kg8 19. cxb5 Bxb5 20. Bxb5 axb5 21. Qc7 Kf8 22. f4 Rc8 23. Qxd8 Rexd8 24. Rfc1 Nf6 25. Rxc8 Rxc8 26. Nb6 Rc7 27. a6 Ra7 28. e5 dxe5 29. fxe5 Ne8 30. Nc8 Rd7 31. a7 Nc7 32. Nb6 Rd4 33. Rc1 1-0

[Event "26th Bosnjaci Open 2022"]
[Site "Bosnjaci"]
[Date "2022.01.05"]
[Round "4.11"]
[White "Vidovic, Sasa"]
[Black "Lazic, Emanuel"]
[Result "1-0"]
[WhiteElo "2206"]
[BlackElo "1995"]
[Annotator "ChessBase"]
[PlyCount "69"]
[EventDate "2022.01.03"]
[EventType "swiss"]
[EventCountry "CRO"]
[SourceTitle "playchess.com"]
[Source "ChessBase"]
[SourceQuality "1"]
[TimeControl "5400+30"]

1. b3 c5 2. Bb2 Nc6 3. e3 Nf6 4. Nf3 g6 5. Bxf6 exf6 6. c4 d5 7. Nc3 d4 8. Nd5 Bg7 9. exd4 O-O 10. dxc5 Bg4 11. Be2 Bxf3 12. Bxf3 Re8+ 13. Kf1 f5 14. Rb1 h5 15. h4 Ne5 16. g3 Nd3 17. Kg2 Bd4 18. Rf1 Nxc5 19. Qc2 Ne6 20. Rbe1 Qd6 21. Qd3 Rad8 22. Re2 Be5 23. Rfe1 Nd4 24. Re3 Re6 25. c5 Qb8 26. Qc4 Nc6 27. Nf4 Rd4 28. Qe2 Bxf4 29. Rxe6 fxe6 30. Qxe6+ Kg7 31. Bxc6 bxc6 32. Qe7+ Kg8 33. Re6 Be5 34. Rxg6+ Kh8 35. Qf7 1-0

[Event "26th Bosnjaci Open 2022"]
[Site "Bosnjaci"]
[Date "2022.01.05"]
[Round "4.12"]
[White "Dvorski, Renato"]
[Black "Dabic, Stjepan"]
[Result "1/2-1/2"]
[WhiteElo "1972"]
[BlackElo "2161"]
[Annotator "ChessBase"]
[PlyCount "31"]
[EventDate "2022.01.03"]
[EventType "swiss"]
[EventCountry "CRO"]
[SourceTitle "playchess.com"]
[Source "ChessBase"]
[SourceQuality "1"]
[TimeControl "5400+30"]

1. e4 c5 2. c3 d5 3. exd5 Qxd5 4. d4 Nc6 5. Nf3 Bf5 6. Bd3 O-O-O 7. Bxf5+ Qxf5 8. Qe2 e6 9. Be3 Nf6 10. O-O Nd5 11. Nbd2 Be7 12. Nb3 g5 13. Nxc5 g4 14. Ne5 Bxc5 15. Nxc6 bxc6 16. Qa6+ 1/2-1/2

[Event "26th Bosnjaci Open 2022"]
[Site "Bosnjaci"]
[Date "2022.01.05"]
[Round "4.13"]
[White "Miletic, Josip"]
[Black "Drmic, Bozo"]
[Result "1-0"]
[WhiteElo "2161"]
[BlackElo "1949"]
[Annotator "TA"]
[PlyCount "92"]
[EventDate "2022.01.03"]
[EventType "swiss"]
[EventCountry "CRO"]
[SourceTitle "playchess.com"]
[Source "ChessBase"]
[SourceQuality "1"]

{[%evp 9,92,-44,-33,-38,-32,-50,-50,-46,-26,-37,22,0,22,15,19,-18,-10,-31,-16,-22,0,-30,0,0,-7,-25,31,5,43,31,64,49,62,37,43,45,86,38,29,46,26,33,65,33,45,30,55,18,70,34,33,36,43,-10,32,0,4,0,57,47,117,124,104,105,134,0,0,0,134,134,134,83,71,72,222,104,1714,1502,1764,1712,1394,1345,29991,29992,29992]} 1. g3 g6 2. Bg2 Bg7 3. Nh3 Nf6 4. f3 O-O 5. Nf2 c5 {[#]} 6. d3 $146 {A00: Irregular Openings.} ({Predecessor:} 6. O-O Nc6 7. e3 b6 8. e4 e5 9. d3 Bb7 10. f4 d6 11. Be3 Qe7 12. Nc3 {1-0 (34) Mrowetz,J-Grabowski,M Germany 2003}) 6... Nc6 7. c3 d5 8. e4 {Black is slightly better.} Qb6 9. O-O Bd7 (9... e5 $15) 10. Na3 {[%cal Bb1a3,Ba3c2,Bc2b4][%mdl 32]} Rfd8 11. Qe2 d4 12. c4 (12. f4 {keeps more tension.} h5 13. e5 Ng4 14. Ne4 Rac8 15. Rb1) 12... e5 13. f4 a6 14. Nc2 Qc7 15. a4 b6 16. Bd2 Rab8 17. b4 cxb4 ({Black should play} 17... exf4 $1 $11 18. Bxf4 Ne5) 18. fxe5 Nxe5 {Strongly threatening ...a5.} 19. Nxb4 Bc8 20. Bf4 {Bxe5 is the strong threat.} Re8 21. Rfc1 Bf8 22. Nd5 Qd8 23. Bh3 (23. a5 $1 $16) 23... Nxd5 24. cxd5 {Hoping for Rxc8.} Bxh3 25. Nxh3 Qd7 26. Kg2 b5 27. axb5 axb5 28. Ng1 {Black should prevent Nf3.} (28. Nf2 {feels hotter.} Bg7 29. Rab1 f5 30. Qb2 Rb7 31. Qb3) 28... Bd6 (28... f5 $1 $11) 29. Bxe5 (29. Ra6 $5 {[%cal Rg1f3]}) 29... Bxe5 30. Nf3 Bg7 {[%cal Od7d5]} 31. Ra2 ({White should try} 31. Qa2 $14) 31... b4 (31... f5 $11) 32. Rb1 Qd6 33. Qf2 Qc5 (33... Rf8 $11) 34. Rc2 $14 Qb5 {[#]} (34... Qa7 $14) 35. Rc4 $1 $16 (35. Nxd4 $2 Qxd3 36. Nb3 Qxe4+ 37. Kg1 Rbc8 $19) 35... Qa6 {[%cal Oe8e4]} 36. Qc2 ({Not} 36. Rbxb4 Rxb4 37. Rxb4 Qxd3 $17) (36. Nxd4 {feels hotter.} Qa3 37. Nb3 Rbc8 38. Nc5 Bf8 39. Nd7) 36... Qa5 37. Nxd4 (37. Qd2 $16) 37... Bxd4 $11 38. Rxd4 Rb7 (38... b3 $1 $11 {keeps the balance.} 39. Qe2 (39. Rxb3 Rxb3 40. Qxb3 Qd2+ 41. Kh3 Qh6+ 42. Kg2 Qd2+ 43. Kh3 Qh6+ 44. Kg2 Qd2+ $11) 39... Re7) 39. Rb3 $16 Reb8 40. d6 (40. Qb2 $142) 40... Qa1 41. Rc4 Qe1 {[#]} (41... Qe5 $16) 42. Rc7 (42. Rb1 $1 $18 {[%cal Rb1e1] and White stays clearly on top.} Qe3 43. Rf1 (43. Rc8+ Rxc8 44. Qxc8+ Kg7 $16)) 42... Rb6 $2 {[%mdl 8192]} (42... Rxc7 $16 43. dxc7 Rc8) 43. d7 $18 {Active counter play!} Rf6 44. Rc8+ Kg7 45. Rb1 Rf2+ 46. Qxf2 Qxf2+ {Weighted Error Value: White=0.23 (precise) /Black=0.42} 1-0

[Event "26th Bosnjaci Open 2022"]
[Site "Bosnjaci"]
[Date "2022.01.05"]
[Round "4.14"]
[White "Lacmanovic, Stipe"]
[Black "Hodak, Stevo"]
[Result "1/2-1/2"]
[WhiteElo "1963"]
[BlackElo "2133"]
[Annotator "ChessBase"]
[PlyCount "57"]
[EventDate "2022.01.03"]
[EventType "swiss"]
[EventCountry "CRO"]
[SourceTitle "playchess.com"]
[Source "ChessBase"]
[SourceQuality "1"]
[TimeControl "5400+30"]

1. e4 e5 2. Nf3 Nc6 3. d4 exd4 4. Nxd4 Nf6 5. Nxc6 bxc6 6. Bd3 d5 7. exd5 cxd5 8. O-O Be7 9. c4 d4 10. Nd2 O-O 11. Ne4 Bb7 12. Nxf6+ Bxf6 13. Qh5 g6 14. Qg4 Re8 15. Bd2 h5 16. Qg3 Be5 17. f4 Bf6 18. f5 Bh4 19. Qh3 Kg7 20. fxg6 fxg6 21. Bxg6 Re2 22. Rf7+ Kg8 23. Bh6 Rxg2+ 24. Qxg2 Bxg2 25. Rg7+ Kh8 26. Rh7+ Kg8 27. Rg7+ Kh8 28. Rh7+ Kg8 29. Rg7+ 1/2-1/2

[Event "26th Bosnjaci Open 2022"]
[Site "Bosnjaci"]
[Date "2022.01.05"]
[Round "4.15"]
[White "Stjepic, Borna"]
[Black "Grguric, Stjepan-Kresimir"]
[Result "1-0"]
[WhiteElo "1860"]
[BlackElo "2107"]
[Annotator "NA"]
[PlyCount "61"]
[EventDate "2022.01.03"]
[EventType "swiss"]
[EventCountry "CRO"]
[SourceTitle "playchess.com"]
[Source "ChessBase"]
[SourceQuality "1"]
[TimeControl "5400+30"]

1. d4 b6 2. Nf3 Bb7 3. g3 g6 4. Bg2 Bg7 5. O-O f5 6. c4 Nf6 7. Nc3 O-O 8. b3 e6 9. Ba3 Re8 10. Rc1 Na6 11. b4 Ne4 12. Nxe4 Bxe4 13. b5 Nb8 14. Ne5 Bxg2 15. Kxg2 a6 16. Qa4 Qc8 17. Qb3 Qb7+ 18. Kg1 d6 19. Nf3 Nd7 20. Rfd1 Nf6 21. c5 dxc5 22. dxc5 axb5 23. Bb2 bxc5 24. Rxc5 Qa7 25. Rxb5 Qxa2 26. Qc3 Qa4 27. Rd7 e5 28. Rxg7+ Kxg7 29. Qxc7+ Kh6 30. Rb7 Ra6 31. Qg7+ 1-0

[Event "26th Bosnjaci Open 2022"]
[Site "Bosnjaci"]
[Date "2022.01.06"]
[Round "5.1"]
[White "Saric, Ante"]
[Black "Tica, Sven"]
[Result "1/2-1/2"]
[WhiteElo "2530"]
[BlackElo "2419"]
[Annotator "TA"]
[PlyCount "28"]
[EventDate "2022.01.03"]
[EventType "swiss"]
[EventCountry "CRO"]
[SourceTitle "playchess.com"]
[Source "ChessBase"]
[SourceQuality "1"]

{[%evp 19,28,0,2,0,0,0,6,1,7,0,43]} 1. d4 d5 2. c4 e6 3. Nf3 Nf6 4. Nc3 a6 5. e3 b6 6. b3 Bb7 7. Bb2 Nbd7 8. Bd3 Bd6 9. O-O O-O 10. Rc1 Qe7 {The position is equal.} 11. Qe2 {E14: Queen's Indian: Classical Variation (4 e3).} dxc4 12. bxc4 c5 {[#]} 13. Nd2 $146 ({Predecessor:} 13. Rfd1 e5 14. dxe5 Nxe5 15. Nxe5 Qxe5 16. f4 Qe6 17. Nd5 Nxd5 18. cxd5 Bxd5 19. Bxh7+ Kxh7 {0-1 (29) Gerzhoy,L (2348)-Bluebaum,M (2639) Chess.com INT 2021}) 13... cxd4 14. exd4 Ba3 {An even fight not without its subleties.  Weighted Error Value: White=0.01 (flawless) /Black=0.04 (flawless)} (14... Rfe8 $11) 1/2-1/2

[Event "26th Bosnjaci Open 2022"]
[Site "Bosnjaci"]
[Date "2022.01.06"]
[Round "5.2"]
[White "Sipic, Hrvoje"]
[Black "Bobanac, Miro"]
[Result "1/2-1/2"]
[WhiteElo "2221"]
[BlackElo "2261"]
[Annotator "ChessBase"]
[PlyCount "111"]
[EventDate "2022.01.03"]
[EventType "swiss"]
[EventCountry "CRO"]
[SourceTitle "playchess.com"]
[Source "ChessBase"]
[SourceQuality "1"]
[TimeControl "5400+30"]

1. d4 Nf6 2. Bf4 e6 3. Nf3 Be7 4. h3 O-O 5. Nbd2 d5 6. e3 c5 7. c3 Nbd7 8. Bd3 b6 9. Ne5 Bb7 10. Qf3 Re8 11. h4 Bf8 12. h5 Nxe5 13. Bxe5 Nd7 14. Bxh7+ Kxh7 15. h6 Nxe5 16. hxg7+ Kxg7 17. dxe5 Kg8 18. Qg3+ Bg7 19. Rh6 Ba6 20. O-O-O Bd3 21. e4 dxe4 22. Rdh1 Kf8 23. Rh7 Ke7 24. Qxg7 Rf8 25. R1h6 Kd7 26. Qg4 Qe7 27. Nxe4 Bxe4 28. Qxe4 Kc7 29. Rf6 Rad8 30. f4 Qd7 31. Qe2 Kb8 32. f5 Qd5 33. c4 Qd4 34. Rfxf7 Rxf7 35. Rxf7 exf5 36. e6 Qf4+ 37. Kc2 Re8 38. e7 Kc7 39. Qe6 Qd6 40. Qxd6+ Kxd6 41. Rxf5 Rxe7 42. Kd3 Rg7 43. Rf2 Ke5 44. b3 Rg3+ 45. Kc2 a6 46. Re2+ Kd4 47. Rd2+ Ke5 48. Kd1 b5 49. Ke1 bxc4 50. bxc4 Ke4 51. Kf2 Rc3 52. Re2+ Kf4 53. Rd2 Rxc4 54. Kg1 Rc1+ 55. Kh2 c4 56. Rd6 1/2-1/2

[Event "26th Bosnjaci Open 2022"]
[Site "Bosnjaci"]
[Date "2022.01.06"]
[Round "5.3"]
[White "Zadravec, Matija"]
[Black "Saric, Kristina"]
[Result "0-1"]
[WhiteElo "2249"]
[BlackElo "2148"]
[Annotator "ChessBase"]
[PlyCount "74"]
[EventDate "2022.01.03"]
[EventType "swiss"]
[EventCountry "CRO"]
[SourceTitle "playchess.com"]
[Source "ChessBase"]
[SourceQuality "1"]
[TimeControl "5400+30"]

1. d4 d5 2. Bf4 c5 3. e3 Nc6 4. c3 Nf6 5. Nd2 Bf5 6. Ngf3 e6 7. Qa4 Nd7 8. Be2 Be7 9. O-O O-O 10. Qb5 Qc8 11. c4 a6 12. Qb3 b5 13. cxd5 c4 14. Qd1 exd5 15. Ne5 Ndxe5 16. dxe5 Nb4 17. Nf3 Nd3 18. b3 Bb4 19. Nh4 Be4 20. f3 Nb2 21. Qd4 Bd3 22. Rf2 Bxe2 23. Qxb2 Bd3 24. bxc4 Be7 25. cxd5 Bxh4 26. Rd2 Bc4 27. Qd4 Bd8 28. Qe4 Ba5 29. Rdd1 Qd7 30. Bg5 h6 31. Bh4 Rac8 32. a3 Bb3 33. Rd3 Bc2 34. Qd4 Rc4 35. e6 fxe6 36. dxe6 Rxd4 37. exd7 Rxd3 0-1

[Event "26th Bosnjaci Open 2022"]
[Site "Bosnjaci"]
[Date "2022.01.06"]
[Round "5.4"]
[White "Kovacevic, Blazimir"]
[Black "Abdil, Halil"]
[Result "1-0"]
[WhiteElo "2399"]
[BlackElo "2117"]
[Annotator "ChessBase"]
[PlyCount "115"]
[EventDate "2022.01.03"]
[EventType "swiss"]
[EventCountry "CRO"]
[SourceTitle "playchess.com"]
[Source "ChessBase"]
[SourceQuality "1"]
[TimeControl "5400+30"]

1. Nf3 Nf6 2. c4 g6 3. Nc3 d5 4. cxd5 Nxd5 5. Qa4+ Nc6 6. Ne5 Qd6 7. Nxc6 Qxc6 8. Qxc6+ bxc6 9. g3 e5 10. Bg2 Be6 11. b3 O-O-O 12. Bb2 Bg7 13. O-O Nxc3 14. Bxc3 Bd5 15. Rac1 Bxg2 16. Kxg2 Rhe8 17. d3 Kb7 18. Ba1 Bh6 19. Rc4 e4 20. d4 Rd5 21. e3 Bf8 22. Bc3 Re6 23. Bb4 Bxb4 24. Rxb4+ Rb5 25. Rc4 Kb6 26. Rfc1 a5 27. R1c3 Rb4 28. a3 Rxc4 29. Rxc4 Rd6 30. b4 axb4 31. Rxb4+ Ka5 32. g4 g5 33. Rb7 Rd7 34. Rb8 Rd6 35. Kf1 Ka4 36. Rc8 c5 37. Rxc7 cxd4 38. exd4 Rxd4 39. Rxf7 e3 40. h3 exf2 41. Rxh7 Rf4 42. Rh5 Rf3 43. Rxg5 Rxh3 44. Kxf2 Kxa3 45. Re5 Kb4 46. Re3 Rh7 47. Kg3 Kc5 48. g5 Kd6 49. Kg4 Rh1 50. Kf5 Rf1+ 51. Kg6 Rg1 52. Kf6 Rf1+ 53. Kg7 Rg1 54. g6 Rh1 55. Kg8 Ra1 56. g7 Ra8+ 57. Kh7 Ra7 58. Kh8 1-0

[Event "26th Bosnjaci Open 2022"]
[Site "Bosnjaci"]
[Date "2022.01.06"]
[Round "5.5"]
[White "Boban, Sten"]
[Black "Zovko, Mario"]
[Result "0-1"]
[WhiteElo "2079"]
[BlackElo "2297"]
[Annotator "TA"]
[PlyCount "120"]
[EventDate "2022.01.03"]
[EventType "swiss"]
[EventCountry "CRO"]
[SourceTitle "playchess.com"]
[Source "ChessBase"]
[SourceQuality "1"]

{[%evp 14,120,29,41,37,-14,0,-81,-85,-95,-95,-97,-100,-104,-106,-105,-104,-107,-101,-103,-107,-97,-96,-91,-64,-68,-37,-97,-16,-38,-24,-26,-18,-77,-68,-71,-15,-50,-16,0,0,-36,-13,-33,-29,-85,-87,-88,-79,-227,-191,-360,-181,-402,-202,-219,-210,-308,-309,-435,-366,-394,-372,-458,-386,-376,-362,-373,-107,-108,-107,-104,-100,-308,-312,-325,-296,-324,-302,-468,-463,-483,-472,-553,-493,-1411,-1277,-946,-632,-29940,-29948,-6171,-6452,-29960,-6438,-29968,-29969,-29976,-29978,-29979,-29980,-29980,-29981,-29980,-29979,-29981,-29980,-29977,-29978]} 1. d4 Nf6 2. Nf3 c5 3. e3 cxd4 4. exd4 d5 5. Bd3 Nc6 6. c3 g6 7. Bf4 Bg7 8. Nbd2 O-O {B13: Caro-Kann: Exchange Variation and Panov-Botvinnik Attack.} 9. Ne5 (9. O-O $14) 9... Nd7 {[#]} 10. Qe2 $146 (10. Nxd7 $11 {keeps the balance.} Bxd7 11. O-O) ({Predecessor:} 10. Nxc6 bxc6 11. O-O e5 12. dxe5 Nxe5 13. Bxe5 Bxe5 14. Nf3 Bg7 15. Bc2 Rb8 16. Rb1 {0-1 (60) Schehl,M (1401)-Mueller,R (2048) Dittrichshuette 2004}) 10... Ndxe5 $17 {Black is better.} 11. dxe5 Qc7 12. Nf3 Bg4 13. O-O Bxf3 14. Qxf3 {[%cal Oe5e6]} Bxe5 15. Bxe5 Qxe5 16. Rfe1 Qd6 17. Rad1 e6 18. h4 Rfd8 19. h5 $1 Rac8 20. Re3 ({White should try} 20. Qg4 $15 Kg7 21. hxg6 hxg6 22. Bxg6) 20... e5 (20... d4 $17 21. Be4 Qc5 22. hxg6 hxg6 23. cxd4 Nxd4) 21. Qg4 Qf6 22. Rf3 Qg7 {aiming for ...e4.} 23. Bb5 (23. Bc2 $11 {remains equal.}) 23... e4 24. Rg3 Ne7 (24... Qe5 $17) 25. Qf4 f6 26. hxg6 hxg6 (26... Nxg6 27. Qf5 $14) 27. Ba4 Nf5 $36 {[%mdl 2048] Black is pushing.} (27... g5 $5 {[%cal Rg5f4]} 28. Qg4 Qg6 $11) 28. Rh3 Qc7 $1 29. Qg4 (29. Qxc7 $1 $11 Rxc7 30. g4) 29... Kg7 $1 30. Bb3 Qe5 31. Rh1 (31. g3 $17) 31... b5 $19 {[%cal Ob5b4] Active counter play!} 32. Qe2 $2 (32. Qh3 $2 Rh8 33. Rxd5 Rxh3 $19) (32. a3) 32... a6 (32... Rh8 $142 $1 {[%cal Rh8h1]} 33. Rh3 Rxh3 34. gxh3 Rc5) 33. g4 $2 {[#]} (33. Rh3) 33... Ne7 (33... Nh6 $2 34. Rh2 $19) (33... Rh8 $142 $1 {( -> ...Rxh1+)} 34. Rh5 (34. gxf5 Rxh1+ 35. Kxh1 Rh8+) 34... gxh5 35. Rxd5 {[#]} Ng3 $1 {[%mdl 512]}) 34. Qe3 g5 {[%cal Ob5b4]} ({Not} 34... Rh8 35. Kg2 $17) 35. Qh3 (35. Qa7 $142) 35... Rh8 36. Qe3 (36. Qg3 $142 Rxh1+ 37. Kxh1) 36... Rxh1+ 37. Kxh1 Rh8+ 38. Kg1 Rh4 ({Avoid the trap} 38... Qh2+ $2 39. Kf1 $19) 39. Kf1 Rxg4 40. Qa7 e3 $2 (40... Kh6 $19 {and Black stays clearly on top. ...Rh4 is the strong threat.} 41. Ke2 Rh4) 41. Qxe3 $17 Qxe3 (41... Re4 {keeps more tension.} 42. Qg3 Qe6 43. Bc2 Rh4 44. Qg2 b4) 42. fxe3 Re4 {White must now prevent ...Nf5.} 43. Bxd5 $2 (43. Kf2 $17 {is a better defense.}) 43... Nxd5 $19 ({Weaker is} 43... Rxe3 44. Bb3 $17) 44. Rxd5 Rxe3 $17 {[%mdl 4096] Endgame KR-KR} 45. Rd6 a5 46. Rd5 (46. Kf2 {was worth a try.} Re5 47. Rd8) 46... Re5 $19 47. Rd7+ Kg6 48. Ra7 a4 49. c4 (49. Rc7 $142 Rf5+ 50. Ke2) 49... bxc4 50. Rxa4 Rc5 51. Rb4 c3 52. bxc3 Rxc3 53. a4 Ra3 (53... f5 $142 54. Rb5 Ra3 55. Ra5 g4 56. Kg2 Kf6 57. Ra8 Kg5 58. Kf2 Kf4 59. Ke2 g3 60. Rf8 Ra1 61. Rg8 Rxa4 62. Kd3 Ra2 63. Kd4 g2 64. Kd5 Kf3 65. Kc4 Ra4+ 66. Kd5 Rg4 67. Rf8 f4 68. Rh8 g1=Q 69. Rh3+ Rg3 70. Rh5 Rg5+ 71. Rxg5 Qxg5+ 72. Kd6 Ke4 73. Kd7 Qd5+ 74. Kc7 f3 75. Kb8 f2 76. Kc7 f1=Q 77. Kc8 Qa6+ 78. Kc7 Qdd6#) 54. Kg2 f5 {[%cal Bf6f5,Bf5f4][%mdl 32] Black mates.} 55. Rb6+ Kh5 56. Rb5 Kg4 57. a5 Ra2+ 58. Kg1 f4 59. Rc5 Kh4 60. Rf5 Ra4 {Weighted Error Value: White=0.78/Black=0.45} 0-1

[Event "26th Bosnjaci Open 2022"]
[Site "Bosnjaci"]
[Date "2022.01.06"]
[Round "5.6"]
[White "Stocko, Josip"]
[Black "Ljubicic, Mario"]
[Result "1-0"]
[WhiteElo "2231"]
[BlackElo "2001"]
[Annotator "ChessBase"]
[PlyCount "63"]
[EventDate "2022.01.03"]
[EventType "swiss"]
[EventCountry "CRO"]
[SourceTitle "playchess.com"]
[Source "ChessBase"]
[SourceQuality "1"]
[TimeControl "5400+30"]

1. e4 e5 2. Nf3 Nc6 3. Bc4 Nf6 4. d3 Bc5 5. c3 a6 6. Bb3 O-O 7. O-O d6 8. h3 h6 9. Re1 Ba7 10. Nbd2 Re8 11. Nf1 Be6 12. Bxe6 Rxe6 13. Ng3 Ne7 14. d4 c6 15. c4 exd4 16. Nxd4 Bxd4 17. Qxd4 d5 18. e5 dxc4 19. Qxc4 Nfd5 20. b3 Ng6 21. Bb2 Ndf4 22. Rad1 Qg5 23. Re4 h5 24. h4 Qg4 25. Rdd4 b5 26. Qc1 c5 27. Rxf4 Nxf4 28. Rxf4 Qg6 29. Rf5 Rc8 30. Rg5 Qd3 31. Nxh5 Rg6 32. Nf4 1-0